书目信息 |
| 题名: |
结构力学的矩阵方法
|
|
| 作者: | 蔡四维 著 | |
| 分册: | ||
| 出版信息: | 北京 科学出版社 1975 |
|
| 页数: | 152页 | |
| 开本: | 19cm | |
| 丛书名: | ||
| 单 册: | ||
| 中图分类: | TU311 , O151.21 | |
| 科图分类: | ||
| 主题词: | 建筑结构-结构力学-矩阵法分析 , 矩阵法分析-建筑结构-结构力学 , 结构力学-矩阵法分析-建筑结构 , 代数 , 数论 , 组合数学 | |
| 电子资源: | ||
| ISBN: | ||
| 000 | 00844nam0 2200313 45 | |
| 001 | 0175002628 | |
| 005 | 20040513100159.9 | |
| 010 | @dCNY0.50 | |
| 091 | @a13031.269 | |
| 100 | @a19951021d1975 em y0chiy0121 ea | |
| 101 | 0 | @achi |
| 102 | @aCN@b110000 | |
| 105 | @ay z 000yy | |
| 106 | @ar | |
| 200 | 10 | @a结构力学的矩阵方法@Ajie gou li xue de ju zhen fang fa@f蔡四维著 |
| 210 | @a北京@c科学出版社@d1975 | |
| 215 | @a152页@d19cm | |
| 606 | @a建筑结构-结构力学-矩阵法分析 | |
| 606 | @a矩阵法分析-建筑结构-结构力学 | |
| 606 | @a结构力学-矩阵法分析-建筑结构 | |
| 606 | 0 | @a代数 |
| 606 | 0 | @a数论 |
| 606 | 0 | @a组合数学 |
| 690 | @aTU311@v3 | |
| 690 | @aO151.21 | |
| 701 | 0 | @a蔡四维@Acai si wei@4著 |
| 801 | 0 | @aCN@b广东省中山图书馆@c20040513 |
| 801 | 2 | @aCN@bNLC@c20040513 |
| 905 | @f1@b6723@f3@b15940-942@dO151.21@e5 | |
| 结构力学的矩阵方法/蔡四维著.-北京:科学出版社,1975 |
| 152页;19cm |
| ISBN :CNY0.50 |
| ● |
| 相关链接 |
|
|
|
|
正题名:结构力学的矩阵方法
索取号:O151.21/5
 
预约/预借
| 序号 | 登录号 | 条形码 | 馆藏地/架位号 | 状态 | 备注 |
| 1 | 0006723 | 000409935 | 密集书库/ [索取号:O151.21/5] | 在馆 | |
| 2 | 0006724 | 000409926 | 第二样本阅览室/ [索取号:O151.21/5] | 在馆 | |
| 3 | 0015940 | 000409908 | 第三借阅区/ [索取号:O151.21/5] | 在馆 | |
| 4 | 0015941 | 000409891 | 第三借阅区/ [索取号:O151.21/5] | 在馆 | |
| 5 | 0015942 | 000409917 | 密集书库/ [索取号:O151.21/5] | 在馆 |